000 00483nam a2200205Ia 4500
008 101110s9999 xx 000 0 und d
041 _aENGLISH
082 _bJR4196
_a001.642
100 _aCopestake Stephen
245 _aExcel 2000 In Easy Steps
260 _c2002
365 _b79
520 _aComputer
546 _aENGLISH
630 _aExcel 2000 In Easy Steps
650 _aComputer
655 _aComputer
730 _aExcel 2000 In Easy Steps
942 _cBOOK
999 _c795140
_d795137